00560cam a2200169 a 450000100100000000500170001000800410002702000150006804000420008310000340012524500700015926000540022930000200028350000450030365000200034865000220036800000604620200929151912.0980915s1998 xxu 000 p spa d a0935318267 aDO-SdBNPbspacFYMdCUSdNLGGCdBNPHU1 aMayor Marsan, Maricel,d1952-13aUn corazón dividido :bA split heart /cMaricel Mayor Marsán. aGaithersburg, (Maryland) :bHispamérica,c1998. a58 p. ;c22 cm. aPoemas en dos idiomas Ingles y Español 4aPoesía cubana 4aLiteratura cubana